[Event "Chigorin Memorial 31st"]
[Site "St Petersburg"]
[Date "2024.10.29"]
[Round "4"]
[White "Epishin, Vladimir"]
[Black "Timonteev, Aleksandr"]
[Result "0-1"]
[WhiteElo "2420"]
[BlackElo "1877"]
[PlyCount "84"]
[EventDate "2024.10.26"]
[EventType "swiss"]
[EventRounds "9"]
[EventCountry "RUS"]
[SourceTitle "CB45_2024"]
[Source "ChessBase"]
[SourceDate "2024.11.06"]
[SourceVersion "1"]
[SourceVersionDate "2024.11.06"]
[SourceQuality "1"]

1. d4 d5 2. c4 c6 3. Nf3 Nf6 4. Nc3 dxc4 5. a4 Bf5 6. Nh4 e6 7. Nxf5 exf5 8. e3 Bd6 9. Bxc4 0-0 10. g3 Nbd7 11. 0-0 Qe7 12. b3 Ne4 13. Ne2 Rad8 14. Bd3 g6 15. Ra2 Nb6 16. a5 Nd5 17. Bd2 a6 18. Ra4 Rfe8 19. Bxe4 Qxe4 20. Nc3 Nxc3 21. Bxc3 Qd5 22. Re1 h5 23. f3 Re6 24. Ra2 Rde8 25. Kf2 Bc7 26. Ree2 g5 27. Re1 g4 28. Bd2 h4 29. Rc2 Bd6 30. gxh4 Rh6 31. Rg1 Rxh4 32. Rg2 Re6 33. Kg1 Rg6 34. Be1 Rh3 35. fxg4 Qxb3 36. Bc3 Qe6 37. gxf5 Bxh2+ 38. Kf1 Qxf5+ 39. Rcf2 Qb5+ 40. Qe2 Qb1+ 41. Be1 Bg3 42. Rxg3 Rhxg3 0-1

[Event "Chigorin Memorial 31st"]
[Site "St Petersburg"]
[Date "2024.10.26"]
[Round "1"]
[White "Shishkin, Vladislav"]
[Black "Epishin, Vladimir"]
[Result "1-0"]
[WhiteElo "2036"]
[BlackElo "2420"]
[PlyCount "71"]
[EventDate "2024.10.26"]
[EventType "swiss"]
[EventRounds "9"]
[EventCountry "RUS"]
[SourceTitle "CB45_2024"]
[Source "ChessBase"]
[SourceDate "2024.11.06"]
[SourceVersion "1"]
[SourceVersionDate "2024.11.06"]
[SourceQuality "1"]

1. e4 g6 2. d4 Bg7 3. Nc3 d6 4. Be3 a6 5. Qd2 Nd7 6. h4 h5 7. Nh3 b5 8. Ng5 Nb6 9. a4 b4 10. Na2 a5 11. c3 bxc3 12. Nxc3 Nf6 13. f3 0-0 14. Be2 Ba6 15. Bxa6 Rxa6 16. Qd3 Ra8 17. 0-0 e6 18. Rac1 c6 19. b3 Nbd7 20. Nd1 c5 21. Nc3 cxd4 22. Bxd4 Ne5 23. Qe3 Nfd7 24. Nb5 Qe7 25. Rfd1 Rfd8 26. Rc7 Qf8 27. Bxe5 Nxe5 28. f4 Ng4 29. Qb6 Nh6 30. Rxd6 e5 31. f5 Rab8 32. Qc6 gxf5 33. Rxh6 Rxb5 34. Rxf7 Qc5+ 35. Qxc5 Rxc5 36. Rg6 1-0

[Event "St Petersburg Korchnoi Memorial op"]
[Site "St Petersburg"]
[Date "2024.08.18"]
[Round "3"]
[White "Epishin, Vladimir"]
[Black "Otdelnov, Viktor"]
[Result "1/2-1/2"]
[WhiteElo "2435"]
[BlackElo "2013"]
[PlyCount "96"]
[EventDate "2024.08.17"]
[EventType "swiss"]
[EventRounds "9"]
[EventCountry "RUS"]
[SourceTitle "CBM 221 Extra"]
[Source "ChessBase"]
[SourceDate "2024.09.30"]
[SourceVersion "1"]
[SourceVersionDate "2024.09.30"]
[SourceQuality "1"]

1. d4 d5 2. c4 e6 3. Nc3 Nf6 4. cxd5 Nxd5 5. e4 Nxc3 6. bxc3 c5 7. Nf3 cxd4 8. cxd4 Bb4+ 9. Bd2 Bxd2+ 10. Qxd2 0-0 11. Bc4 Nd7 12. 0-0 b6 13. Rfe1 Bb7 14. Bb3 Nf6 15. e5 Ne4 16. Qb2 Rc8 17. Re3 Qc7 18. Rae1 Nc3 19. Ng5 h6 20. Nxe6 fxe6 21. Bxe6+ Kh8 22. Bxc8 Rxc8 23. e6 Nd5 24. Re5 Qd6 25. f3 Re8 26. h3 Re7 27. Qb3 Nc7 28. Qe3 Bd5 29. f4 Rxe6 30. f5 Rf6 31. h4 Bg8 32. g4 Nd5 33. Qf2 Rf8 34. g5 Nb4 35. Rd1 Nc6 36. Re4 Ne7 37. Rf4 Ng6 38. Rg4 Be6 39. gxh6 Bxf5 40. hxg7+ Kxg7 41. Qg3 Qxg3+ 42. Rxg3 Kf6 43. Rc1 Nxh4 44. Rc6+ Kf7 45. Rc7+ Kf6 46. Rc6+ Kf7 47. Rc7+ Kf6 48. Rxa7 Rd8 1/2-1/2

[Event "Chigorin Memorial 30th"]
[Site "St Petersburg"]
[Date "2023.10.27"]
[Round "7"]
[White "Epishin, Vladimir"]
[Black "Shubin, Kirill"]
[Result "1-0"]
[WhiteElo "2446"]
[BlackElo "2440"]
[PlyCount "63"]
[EventDate "2023.10.21"]
[EventType "swiss"]
[EventRounds "9"]
[EventCountry "RUS"]
[SourceTitle "CBM 216 Extra"]
[Source "ChessBase"]
[SourceDate "2023.11.30"]
[SourceVersion "1"]
[SourceVersionDate "2023.11.30"]
[SourceQuality "1"]

1. d4 e6 2. c4 Nf6 3. Nc3 Bb4 4. e3 0-0 5. Bd3 b6 6. Nge2 Bb7 7. 0-0 c5 8. d5 Bxc3 9. Nxc3 exd5 10. cxd5 Ba6 11. e4 Bxd3 12. Qxd3 d6 13. Bg5 Nbd7 14. f4 Qc7 15. Nb5 Qb8 16. Rae1 a6 17. Nc3 Re8 18. Qg3 Kh8 19. e5 Ng8 20. e6 fxe6 21. dxe6 Ndf6 22. f5 d5 23. Bf4 Qb7 24. Be5 d4 25. Ne4 Nxe4 26. Rxe4 Nf6 27. Rh4 Rad8 28. Rh6 Qe7 29. Qh4 Rd5 30. Bxf6 gxf6 31. Rf3 Rg8 32. Rxh7+ 1-0

[Event "St Petersburg Korchnoi Memorial op"]
[Site "St Petersburg"]
[Date "2023.08.22"]
[Round "7"]
[White "Isanzhulov, Arystan"]
[Black "Epishin, Vladimir"]
[Result "1/2-1/2"]
[WhiteElo "2435"]
[BlackElo "2449"]
[PlyCount "106"]
[EventDate "2023.08.18"]
[EventType "swiss"]
[EventRounds "9"]
[EventCountry "RUS"]
[SourceTitle "CBM 216 Extra"]
[Source "ChessBase"]
[SourceDate "2023.11.30"]
[SourceVersion "1"]
[SourceVersionDate "2023.11.30"]
[SourceQuality "1"]

1. e4 c6 2. Nc3 d5 3. Nf3 Bg4 4. h3 Bxf3 5. Qxf3 e6 6. g3 g6 7. Bg2 Bg7 8. 0-0 Ne7 9. Rd1 d4 10. Nb1 c5 11. d3 Nbc6 12. a4 0-0 13. Bd2 Qd7 14. Qe2 e5 15. Na3 f5 16. Nc4 f4 17. Qg4 Qc7 18. Qe6+ Kh8 19. Qd6 Qxd6 20. Nxd6 Rab8 21. a5 Nc8 22. Nb5 Rf7 23. h4 a6 24. Na3 Nd6 25. Bh3 Re8 26. g4 Bf6 27. g5 Bd8 28. Nc4 Nxc4 29. dxc4 h6 30. Bg4 hxg5 31. h5 Kg7 32. hxg6 Kxg6 33. Kg2 Rh8 34. Rh1 Rxh1 35. Rxh1 Rg7 36. Bf5+ Kf7 37. Rh6 g4 38. Be6+ Ke7 39. Bd5 Kd7 40. Be6+ Kc7 41. Kg1 Kb8 42. Rh8 Ka7 43. Bd5 Bc7 44. Bxc6 bxc6 45. Kf1 Kb7 46. Be1 Bd6 47. Rd8 Rg6 48. Rd7+ Bc7 49. Rh7 Rg8 50. Rh5 Rg7 51. Rh8 Bd6 52. Rd8 Bb8 53. Rh8 Bc7 1/2-1/2

[Event "St Petersburg-ch 96th"]
[Site "St Petersburg"]
[Date "2023.03.21"]
[Round "4"]
[White "Epishin, Vladimir"]
[Black "Alekseev, Evgeny V"]
[Result "0-1"]
[WhiteElo "2450"]
[BlackElo "2567"]
[PlyCount "114"]
[EventDate "2023.03.18"]
[EventType "swiss"]
[EventRounds "9"]
[EventCountry "RUS"]
[SourceTitle "CBM 213 Extra"]
[Source "ChessBase"]
[SourceDate "2023.05.31"]
[SourceVersion "1"]
[SourceVersionDate "2023.05.31"]
[SourceQuality "1"]

1. c4 e6 2. Nc3 d5 3. d4 Nf6 4. Bg5 Be7 5. e3 Nbd7 6. Nf3 0-0 7. Rc1 dxc4 8. Bxc4 a6 9. a4 c5 10. 0-0 cxd4 11. exd4 Nb6 12. Ba2 Bd7 13. Ne5 Bc6 14. Nxc6 bxc6 15. Ne2 Nbd5 16. Bxf6 Bxf6 17. Rxc6 Nb4 18. Rc4 Nxa2 19. Qb3 e5 20. dxe5 Bxe5 21. Qxa2 Qd2 22. Re4 Qxb2 23. Qxb2 Bxb2 24. Rd1 g6 25. f4 Rfe8 26. Rxe8+ Rxe8 27. Rd2 Ba3 28. Kf1 Kg7 29. Rd5 Bb4 30. f5 Re3 31. fxg6 hxg6 32. Nf4 Ra3 33. Nd3 Rxa4 34. Nxb4 Rxb4 35. Ra5 Rb6 36. g4 f6 37. Kg2 g5 38. h4 Rb2+ 39. Kh3 Rb3+ 40. Kh2 gxh4 41. Rxa6 Kg6 42. Ra8 Rg3 43. Rh8 Rxg4 44. Kh3 Rd4 45. Ra8 Kg5 46. Ra3 f5 47. Rb3 Rd5 48. Ra3 f4 49. Ra8 Rd3+ 50. Kg2 h3+ 51. Kh2 Kg4 52. Rg8+ Kf3 53. Re8 Kf2 54. Re4 f3 55. Re8 Kf1 56. Re7 f2 57. Re8 Rd1 0-1

[Event "Chigorin Memorial 29th"]
[Site "St Petersburg"]
[Date "2022.10.30"]
[Round "9"]
[White "Epishin, Vladimir"]
[Black "Khakimov, Timur"]
[Result "1/2-1/2"]
[WhiteElo "2492"]
[BlackElo "2201"]
[PlyCount "110"]
[EventDate "2022.10.22"]
[EventType "swiss"]
[EventRounds "9"]
[EventCountry "RUS"]
[SourceTitle "EXT 2024"]
[Source "ChessBase"]
[SourceDate "2023.10.10"]
[SourceVersion "1"]
[SourceVersionDate "2023.10.10"]
[SourceQuality "1"]

1. c4 e6 2. Nc3 d5 3. d4 c5 4. cxd5 exd5 5. Nf3 Nc6 6. Bg5 Be7 7. Bxe7 Ngxe7 8. e3 c4 9. Be2 0-0 10. 0-0 b5 11. Nxb5 Rb8 12. Nc3 Rxb2 13. Qc1 Rb8 14. Rd1 Bf5 15. Ne5 Nxe5 16. dxe5 Qc7 17. f4 Qc5 18. Qd2 Rfd8 19. Rac1 h5 20. Bxh5 Bd3 21. Ne2 Qa3 22. Rc3 Qb2 23. Nd4 Qxd2 24. Rxd2 Rb1+ 25. Kf2 Rdb8 26. Ra3 R8b2 27. Rxb2 Rxb2+ 28. Ke1 Nf5 29. Nxf5 Bxf5 30. Bf3 Rc2 31. Bxd5 c3 32. e4 Bg4 33. Bc4 Be6 34. Bd3 Rxg2 35. Rxc3 Rxh2 36. a3 Rh3 37. Kd2 g5 38. f5 Ba2 39. Rc8+ Kh7 40. e6 fxe6 41. e5 Rh2+ 42. Kc3 exf5 43. Bxf5+ Kg7 44. Rc7+ Kf8 45. Rxa7 Rf2 46. Bc8 Bb1 47. Be6 Ke8 48. Rg7 Bf5 49. Bd5 g4 50. e6 Re2 51. Bc4 Re5 52. a4 Bxe6 53. Bxe6 Rxe6 54. Rxg4 Kd7 55. Rc4 Rc6 1/2-1/2

[Event "Chigorin Memorial 29th"]
[Site "St Petersburg"]
[Date "2022.10.28"]
[Round "7"]
[White "Epishin, Vladimir"]
[Black "Garmash, Aliona"]
[Result "1-0"]
[WhiteElo "2492"]
[BlackElo "2080"]
[PlyCount "63"]
[EventDate "2022.10.22"]
[EventType "swiss"]
[EventRounds "9"]
[EventCountry "RUS"]
[SourceTitle "EXT 2024"]
[Source "ChessBase"]
[SourceDate "2023.10.10"]
[SourceVersion "1"]
[SourceVersionDate "2023.10.10"]
[SourceQuality "1"]

1. c4 e5 2. g3 Nf6 3. Bg2 Nc6 4. Nc3 Bb4 5. d3 0-0 6. e4 a5 7. Nge2 d6 8. 0-0 h6 9. h3 Bc5 10. Kh1 Nd4 11. Nxd4 Bxd4 12. f4 c6 13. Qe1 Bd7 14. g4 exf4 15. Bxf4 Be5 16. Qg3 Bxf4 17. Rxf4 Be6 18. b3 c5 19. Rd1 Qe7 20. d4 Ra6 21. e5 dxe5 22. dxe5 Nd7 23. Re1 Rb8 24. Nd5 Qd8 25. h4 Nf8 26. Rd1 Kh8 27. g5 Ng6 28. gxh6 gxh6 29. Rf6 h5 30. Qg5 Kg7 31. Rdf1 Qd7 32. Nf4 1-0

[Event "St Petersburg Blitz"]
[Site "St Petersburg"]
[Date "2021.12.12"]
[Round "17"]
[White "Bodnaruk, Anastasia"]
[Black "Epishin, Vladimir"]
[Result "0-1"]
[WhiteElo "2396"]
[BlackElo "2517"]
[PlyCount "98"]
[EventDate "2021.12.12"]
[EventType "tourn (blitz)"]
[EventRounds "21"]
[EventCountry "RUS"]
[EventCategory "11"]
[SourceTitle "CBM 205 Extra"]
[Source "ChessBase"]
[SourceDate "2022.01.31"]
[SourceVersion "1"]
[SourceVersionDate "2022.01.31"]
[SourceQuality "1"]

1. e4 e6 2. d4 d5 3. e5 c5 4. c3 Nc6 5. Nf3 Bd7 6. Be2 Nge7 7. dxc5 Ng6 8. b4 Ngxe5 9. Nxe5 Nxe5 10. 0-0 Be7 11. Nd2 Bf6 12. Bb2 0-0 13. f4 Nc6 14. a3 a5 15. b5 Ne7 16. a4 Nf5 17. Rf3 Qc7 18. Nb3 g6 19. Qd2 Rfd8 20. Bd3 Ne7 21. Re1 Be8 22. Ba3 Bg7 23. Nd4 Rac8 24. Kh1 Bf8 25. Nb3 Bd7 26. Qf2 Re8 27. g4 Bg7 28. Nd4 Qd8 29. Rfe3 Kh8 30. h4 Ng8 31. g5 Bf8 32. Nb3 b6 33. c4 bxc5 34. cxd5 c4 35. Bxf8 Rxf8 36. Qb2+ f6 37. dxe6 cxd3 38. exd7 Qxd7 39. Nd4 Rfd8 40. Nc6 Qd5+ 41. Kg1 Rd6 42. Rd1 Qc5 43. Qf2 Qc4 44. h5 gxh5 45. Qh4 fxg5 46. Qxh5 Qxf4 47. Rh3 Rh6 48. Qxh6 Nxh6 49. Rdxd3 Rf8 0-1

[Event "St Petersburg Blitz"]
[Site "St Petersburg"]
[Date "2021.12.12"]
[Round "8"]
[White "Epishin, Vladimir"]
[Black "Matlakov, Maxim"]
[Result "1-0"]
[WhiteElo "2517"]
[BlackElo "2674"]
[PlyCount "73"]
[EventDate "2021.12.12"]
[EventType "tourn (blitz)"]
[EventRounds "21"]
[EventCountry "RUS"]
[EventCategory "11"]
[SourceTitle "CBM 205 Extra"]
[Source "ChessBase"]
[SourceDate "2022.01.31"]
[SourceVersion "1"]
[SourceVersionDate "2022.01.31"]
[SourceQuality "1"]

1. d4 d5 2. Nf3 Nf6 3. c4 c6 4. Qb3 e6 5. Bg5 a5 6. e3 a4 7. Qc2 Qa5+ 8. Nbd2 Ne4 9. Bf4 a3 10. b3 Na6 11. Be2 Be7 12. 0-0 g5 13. Be5 Nb4 14. Qc1 f6 15. Bg3 h5 16. h3 Nxg3 17. fxg3 Qc7 18. e4 Qxg3 19. cxd5 exd5 20. exd5 cxd5 21. Rf2 g4 22. Nf1 Qd6 23. Nh4 gxh3 24. Ng6 Rg8 25. Bxh5 Kd8 26. Qe3 hxg2 27. Ng3 Bd7 28. Re1 Re8 29. Nf4 Rh8 30. Ng6 Rh7 31. Rfe2 Nc6 32. Qd3 Kc7 33. Nf5 Bxf5 34. Qxf5 Rg8 35. Nf4 Rxh5 36. Qxh5 Qxf4 37. Rxe7+ 1-0

[Event "St Petersburg Blitz"]
[Site "St Petersburg"]
[Date "2021.12.12"]
[Round "5"]
[White "Levin, Evgeny A"]
[Black "Epishin, Vladimir"]
[Result "1/2-1/2"]
[WhiteElo "2485"]
[BlackElo "2517"]
[PlyCount "31"]
[EventDate "2021.12.12"]
[EventType "tourn (blitz)"]
[EventRounds "21"]
[EventCountry "RUS"]
[EventCategory "11"]
[SourceTitle "CBM 205 Extra"]
[Source "ChessBase"]
[SourceDate "2022.01.31"]
[SourceVersion "1"]
[SourceVersionDate "2022.01.31"]
[SourceQuality "1"]

1. d4 Nf6 2. Nf3 e6 3. Bg5 d6 4. h3 Nbd7 5. Nbd2 Be7 6. e3 b6 7. Bd3 Bb7 8. c3 c5 9. Qe2 Qc7 10. Rc1 a6 11. a4 h6 12. Bh4 0-0 13. 0-0 Rfe8 14. e4 e5 15. dxe5 dxe5 16. Rfd1 1/2-1/2

[Event "St Petersburg Blitz"]
[Site "St Petersburg"]
[Date "2021.12.12"]
[Round "9"]
[White "Lintchevski, Daniil"]
[Black "Epishin, Vladimir"]
[Result "1/2-1/2"]
[WhiteElo "2570"]
[BlackElo "2517"]
[PlyCount "79"]
[EventDate "2021.12.12"]
[EventType "tourn (blitz)"]
[EventRounds "21"]
[EventCountry "RUS"]
[EventCategory "11"]
[SourceTitle "CBM 205 Extra"]
[Source "ChessBase"]
[SourceDate "2022.01.31"]
[SourceVersion "1"]
[SourceVersionDate "2022.01.31"]
[SourceQuality "1"]

1. e4 g6 2. d4 Bg7 3. Nf3 d6 4. Bc4 c6 5. Bb3 Nf6 6. Qe2 0-0 7. 0-0 Bg4 8. Nbd2 e6 9. h3 Bxf3 10. Nxf3 d5 11. exd5 cxd5 12. c3 Nc6 13. Bc2 Qc7 14. Bg5 Nd7 15. h4 h6 16. Be3 Nf6 17. g3 Rfe8 18. Rad1 Rad8 19. Rfe1 a6 20. a4 Re7 21. Bf4 Qc8 22. Ne5 Nxe5 23. Bxe5 h5 24. a5 Ree8 25. Bd3 Ng4 26. Bxg7 Kxg7 27. Qd2 Qc7 28. Ra1 e5 29. dxe5 Nxe5 30. Be2 Nc6 31. Bf3 Rxe1+ 32. Rxe1 Qxa5 33. Bxh5 d4 34. Bf3 dxc3 35. Qxc3+ Qxc3 36. bxc3 Rd3 37. Bxc6 bxc6 38. Ra1 Rxc3 39. Rxa6 c5 40. Rc6 1/2-1/2

[Event "Chigorin Memorial 28th"]
[Site "St Petersburg"]
[Date "2021.10.26"]
[Round "4"]
[White "Tsaruk, Maksim"]
[Black "Epishin, Vladimir"]
[Result "1-0"]
[WhiteElo "2334"]
[BlackElo "2522"]
[PlyCount "53"]
[EventDate "2021.10.23"]
[EventType "swiss"]
[EventRounds "9"]
[EventCountry "RUS"]
[SourceTitle "EXT 2023"]
[Source "ChessBase"]
[SourceDate "2022.10.05"]
[SourceVersion "1"]
[SourceVersionDate "2022.10.05"]
[SourceQuality "1"]

1. e4 c5 2. Nf3 Nc6 3. d4 cxd4 4. Nxd4 Qb6 5. Nb3 Qc7 6. Nc3 e6 7. f4 a6 8. Be3 b5 9. a3 Rb8 10. Be2 d6 11. 0-0 Nf6 12. Qe1 Be7 13. Qg3 0-0 14. Rad1 b4 15. axb4 Rxb4 16. f5 Kh8 17. Bc5 Rxe4 18. Bxd6 Qa7+ 19. Qf2 Qxf2+ 20. Rxf2 Re3 21. Bf4 Rxc3 22. bxc3 Ne4 23. Rf3 Bf6 24. fxe6 Bxe6 25. Bxa6 Nxc3 26. Rd6 Nb4 27. Rxe6 1-0

[Event "St Petersburg-ch 94th"]
[Site "St Petersburg"]
[Date "2021.04.02"]
[Round "9"]
[White "Epishin, Vladimir"]
[Black "Alekseev, Evgeny V"]
[Result "1/2-1/2"]
[WhiteElo "2527"]
[BlackElo "2619"]
[PlyCount "81"]
[EventDate "2021.03.25"]
[EventType "swiss"]
[EventRounds "9"]
[EventCountry "RUS"]
[SourceTitle "EXT 2022"]
[Source "ChessBase"]
[SourceDate "2021.10.06"]
[SourceVersion "1"]
[SourceVersionDate "2021.10.06"]
[SourceQuality "1"]

1. d4 Nf6 2. c4 e6 3. Nc3 Bb4 4. Qb3 c5 5. dxc5 Nc6 6. Bg5 h6 7. Bxf6 Qxf6 8. Nf3 Bxc3+ 9. bxc3 Qe7 10. Qb5 b6 11. cxb6 Qa3 12. Qb3 axb6 13. Nd2 Qxb3 14. Nxb3 Na5 15. Nd2 Kd8 16. e4 Kc7 17. Bd3 Bb7 18. 0-0-0 Bc6 19. h4 Nb7 20. Bb1 Nc5 21. Rh3 g6 22. g4 f6 23. f4 Raf8 24. Rg1 Rhg8 25. Bc2 f5 26. exf5 exf5 27. Rhg3 fxg4 28. Rxg4 h5 29. Rxg6 Rxg6 30. Bxg6 Rxf4 31. Bxh5 Rxh4 32. Bg6 Rh3 33. Kc2 Ba4+ 34. Kb2 Rh2 35. Kc1 Rh3 36. Kb2 Rh2 37. Kc1 Rh3 38. Kb2 Rh2 39. Kc1 Rh3 40. Kb2 Rh2 41. Kc1 1/2-1/2